|
|
|
|
| LEADER |
00924cam a2200253 7i4500 |
| 001 |
0000021848 |
| 005 |
20190429090000.0 |
| 008 |
080415 eng |
| 020 |
|
|
|a 9780072551327
|
| 020 |
|
|
|a 0072525037 (hbk.)
|
| 020 |
|
|
|a 0072551321 (hbk.)
|
| 020 |
|
|
|a 9780072525038
|
| 040 |
|
|
|a DLC
|
| 090 |
0 |
0 |
|a TK7868.D5
|b G58 2003
|
| 100 |
1 |
|
|a Givone, Donald D
|
| 245 |
1 |
0 |
|a Digital principles and design
|c Donald D. Givone.
|
| 260 |
|
|
|a Boston:
|b McGraw-Hill,
|c 2003.
|
| 300 |
|
|
|a xviii, 702 p.:
|b ill.;
|c 24 cm..
|
| 501 |
|
|
|a With CD-ROM : Digital principles and design / Donald D. Givone
|
| 504 |
|
|
|a Includes bibliographical references and index
|
| 650 |
0 |
0 |
|a Digital electronics
|
| 997 |
|
|
|a Engineering & Life Sciences, Faculty
|b Engineering, Department
|
| 999 |
|
|
|a 0000030682
|b BOK
|c OPEN SHELF
|e 2nd Floor, Bestari Jaya
|
| 999 |
|
|
|a CDR0000759
|b CD-ROM
|c OPEN SHELF
|e Circulation Counter, Bestari Jaya
|